00796nam a22002057a 450000500170000000800410001702000180005804000450007604100080012124501040012926000420023330000180027549000360029350400410032965000430037065000230041365100700043670000450050670000390055120140903174944.0131010s2012 sp frn 000 0 spa  a9788497681889 aCO-BoUCMbspacAngélica Rojasd[Nuevo]00aspa00aJuristas de la independenciacJosé María Pérez Collados, Samuel Rodrígues Barbosa, editores aMadrid (España)bMarcial Ponsc2012 a735 páginas aCátedra de Cultura Jurídica aIncluye referencias bibliográficas 7aAbogadosx Historiaz América Latina 7aDerechox Historia 4aAmérica Latinax Historiay Guerras de independencia, 1806-18301 aPérez Collados, José Maríaeeditor1 aRodrigues Barbosa, Samuel,eeditor